000
00334nam a22001457a 4500
008
221130b ||||| |||| 00| 0 eng d
020
_a
9780803629547
041
_a
eng
080
_2
SEVENTH EDITION
_a
61
082
_a
61 GYL
100
_a
4
101
_a
MJK
245
_a
MEDICAL TERMINOLOGY SYSTEMS
_c
GYLYS A B
942
_2
udc
_c
BK
999
_c
59046
_d
59046